000
00279nam a22001217a 4500
020
_a
NA
082
_2
22
_a
338.5
100
_a
Besanko david and broeutigam ronald.
245
_a
Microeconomics /
260
_a
J,W,S
_b
J,W,S
_c
c2008
300
_a
809p.'
_b
NA
_c
24cm.
942
_2
ddc
_c
MAG
999
_c
2829
_d
2829